Polarization radiative recombination effect for tungsten highly-charged ions (Запись № 3915217)

Подробности
000 -МАРКЕР
контрольное поле 01737nam0a2200361 4500
001 - ИДЕНТИФИКАТОР ЗАПИСИ
контрольное поле RU\NLR\b_ik\195919
005 - ИДЕНТИФИКАТОР ВЕРСИИ
контрольное поле 20250616231256.0
035 ## - ДРУГИЕ СИСТЕМНЫЕ НОМЕРА
Идентификатор записи (NLR Aleph) 002268328
100 ## - ДАННЫЕ ОБЩЕЙ ОБРАБОТКИ
Данные общей обработки 20120607d2012 |||y0rusy50 ca
101 0# - ЯЗЫК РЕСУРСА
Язык текста, звукозаписи и т.д. английский
Язык резюме русский
102 ## - СТРАНА ПУБЛИКАЦИИ ИЛИ ПРОИЗВОДСТВА
Страна публикации российская федерация
105 ## - ПОЛЕ КОДИРОВАННЫХ ДАННЫХ: ТЕКСТОВЫЕ МАТЕРИАЛЫ, МОНОГРАФИЧЕСКИЕ
Кодированные данные о монографическом текстовом документе a |||||||||
200 1# - ЗАГЛАВИЕ И СВЕДЕНИЯ ОБ ОТВЕТСТВЕННОСТИ
Основное заглавие Polarization radiative recombination effect for tungsten highly-charged ions
Первые сведения об ответственности M.B. Trzhaskovskaya a. V.K. Nikulin
210 ## - ПУБЛИКАЦИЯ, РАСПРОСТРАНЕНИЕ И ДР.
Место издания, распространения и т.д. Gatchina
Имя издателя, распространителя и т. д. PNPI
Дата издания, распространения и т.д. 2012
215 ## - ФИЗИЧЕСКАЯ ХАРАКТЕРИСТИКА
Специфическое обозначение материала и объем 23 c.
Другие сведения о физической характеристике ил.
Размеры 20
225 1# - СЕРИЯ
Основное заглавие серии Report
Сведения об ответственности B.P. Konstantinov Petersburg nuclear physics inst.
Обозначение тома 2893. PNPI-2012
300 ## - ОБЩИЕ ПРИМЕЧАНИЯ
Текст примечания На обороте тит. л.: Эффект поляризационной радиационной рекомбинации в многозарядных ионах вольфрама / М.Б. Тржасковская, В.К. Никулин
300 ## - ОБЩИЕ ПРИМЕЧАНИЯ
Текст примечания Рез. на рус. яз.
320 ## - ПРИМЕЧАНИЯ О НАЛИЧИИ В ДОКУМЕНТЕ БИБЛИОГРАФИИ / УКАЗАТЕЛЯ
Текст примечания Библиогр.: с. 22-23 (18 назв.)
517 0# - ДРУГИЕ ВАРИАНТЫ ЗАГЛАВИЯ
Вариант заглавия Эффект поляризационной радиационной рекомбинации в многозарядных ионах вольфрама
606 1# - НАИМЕНОВАНИЕ ТЕМЫ КАК ПРЕДМЕТ
Наименование темы Вольфрам
Тематический подзаголовок Ионы
-- Рекомбинация
Системный номер авторитетной/нормативной записи 2460294
Идентификатор авторитетной/нормативной записи RU\NLR\AUTH\661461974
606 1# - НАИМЕНОВАНИЕ ТЕМЫ КАК ПРЕДМЕТ
Наименование темы Электроны
Тематический подзаголовок Рекомбинация с ионами
Системный номер авторитетной/нормативной записи 1887399
Идентификатор авторитетной/нормативной записи RU\NLR\AUTH\66858172
606 1# - НАИМЕНОВАНИЕ ТЕМЫ КАК ПРЕДМЕТ
Наименование темы Электроны
Тематический подзаголовок Поляризация
Системный номер авторитетной/нормативной записи 1944269
Идентификатор авторитетной/нормативной записи RU\NLR\AUTH\661176761
686 1# - ИНДЕКСЫ ДРУГИХ КЛАССИФИКАЦИЙ
Индекс В383.56
686 1# - ИНДЕКСЫ ДРУГИХ КЛАССИФИКАЦИЙ
Индекс В382.3
700 #1 - ИМЯ ЛИЦА - ПЕРВИЧНАЯ ОТВЕТСТВЕННОСТЬ
Начальный элемент ввода Tržaskovskaja
Часть имени, кроме начального элемента ввода M. B.
Расширение инициалов личного имени Mal'vina Bronislavovna
Код отношения Автор
701 #1 - ИМЯ ЛИЦА - АЛЬТЕРНАТИВНАЯ ОТВЕТСТВЕННОСТЬ
Начальный элемент ввода Nikulin
Часть имени, кроме начального элемента ввода V. K.
Расширение инициалов личного имени Vladimir Kirillovič
Код отношения Автор
801 #0 - ИСТОЧНИК ЗАПИСИ
Страна российская федерация
Организация NLR
Дата составления 20120607
Правила каталогизации RCR
942 ## - ДОПОЛНИТЕЛЬНЫЕ ЭЛЕМЕНТЫ ЗАПИСИ (АБИС)
Тип экземпляра АБИС Книга
980 ## - КОЛЛЕКЦИЯ
Название коллекции Национальная библиография
Экземпляры
Тип экземпляра Дата поступления Источник поступления Библиотека постоянного хранения Библиотека текущего хранения Место хранения Шифр хранения Штрих-код Статус не для выдачи
Книга 07.06.2012 Обязательный экземпляр РНБ (Московский) РНБ (Московский) Иностранный книжный фонд Ик 2012-4/49 1-81227